Name the Kpop Idols in these groups - Statistics

General Stats
  • This quiz has been taken 266 times
  • The average score is 34 of 47
Answer Stats
ANSWERS % Correct
Karina
97%
Winter
97%
Ningning
96%
Giselle
94%
Irene
93%
Jake
91%
Wendy
91%
Niki
90%
Jay
89%
Joy
89%
Seulgi
89%
Sunghoon
86%
Sunoo
86%
Wonyoung
86%
Chaewon
84%
Heeseung
84%
Sakura
84%
Yeri
83%
Jungwon
82%
Mark
81%
Chuu
80%
Yujin
78%
Yena
70%
Chaeyeon
69%
Eunbi
66%
Yuri
66%
Haechan
64%
Jeno
64%
Chenle
63%
Jaemin
63%
Kimlip
62%
Yves
62%
Hyunjin
59%
Jisung
59%
Renjun
59%
Hitomi
58%
Minju
58%
Nako
55%
Hyeju
54%
Vivi
54%
Hyewon
52%
Choerry
51%
Heejin
51%
Gowon
50%
Jinsoul
49%
Haseul
46%
Yeojin
46%
No matching quizzes found
Score Distribution
Percent of People with Each Score
Percentile by Number Answered
Your Score History
You have not taken this quiz